[Event "FRM-chT2 Gp-A"]
[Site "Ohrid"]
[Date "2022.07.23"]
[Round "5.3"]
[White "Nikolovski, Branko Nikola"]
[Black "Gjorgjieski, Dejan"]
[Result "0-1"]
[WhiteElo "1383"]
[BlackElo "2116"]
[PlyCount "106"]
[EventDate "2022.07.21"]
[EventType "team-tourn"]
[EventRounds "5"]
[EventCountry "MKD"]
[SourceTitle "CBM 210 Extra"]
[Source "ChessBase"]
[SourceDate "2022.11.30"]
[SourceVersion "1"]
[SourceVersionDate "2022.11.30"]
[SourceQuality "1"]
[WhiteTeam "Lasker"]
[BlackTeam "Pelagon"]
[WhiteTeamCountry "MKD"]
[BlackTeamCountry "MKD"]

1. e4 Nc6 2. Nf3 d6 3. d4 Bg4 4. Be2 Nf6 5. Nc3 e5 6. d5 Ne7 7. 0-0 g6 8. h3 Bxf3 9. Bxf3 Bg7 10. Be3 0-0 11. Be2 Nd7 12. Qd2 f5 13. f4 Nc5 14. fxe5 Bxe5 15. exf5 Nxf5 16. Bf4 Bd4+ 17. Kh2 Qf6 18. g4 Ng7 19. Bg5 Qe5+ 20. Kg2 Bxc3 21. bxc3 Ne4 22. Bf4 Nxd2 23. Bxe5 dxe5 24. Rfe1 Ne4 25. Bf3 Nd6 26. Rxe5 Rae8 27. Rae1 Rxe5 28. Rxe5 Re8 29. Rxe8+ Ngxe8 30. Kg3 g5 31. h4 h6 32. hxg5 hxg5 33. Kf2 Nf6 34. Ke3 Nd7 35. Be2 Kf7 36. Kd4 b6 37. Bf1 Kf6 38. Be2 Ne5 39. c4 Nd7 40. Bd3 Nc5 41. Be2 Nf7 42. Bf3 Ke7 43. Be2 Kd6 44. c3 Ne5 45. Bd1 Ned7 46. Bc2 Nf6 47. Bf5 Ncd7 48. Bxd7 Kxd7 49. Ke5 Nxg4+ 50. Kf5 Ne3+ 51. Kxg5 Nxc4 52. Kf4 Kd6 53. Ke4 b5 0-1

[Event "FRM-chT 29th"]
[Site "Struga"]
[Date "2021.08.19"]
[Round "5"]
[White "Jacimovic, Dragoljub"]
[Black "Gjorgjieski, Dejan"]
[Result "1/2-1/2"]
[WhiteElo "2400"]
[BlackElo "2104"]
[PlyCount "165"]
[EventDate "2021.08.15"]
[EventType "team-tourn"]
[EventRounds "7"]
[EventCountry "MKD"]
[SourceTitle "CBM 203 Extra"]
[Source "ChessBase"]
[SourceDate "2021.09.30"]
[SourceVersion "1"]
[SourceVersionDate "2021.09.30"]
[SourceQuality "1"]
[WhiteTeam "Skopje Alkaloid"]
[BlackTeam "Prilep"]
[WhiteTeamCountry "MKD"]
[BlackTeamCountry "MKD"]

1. d4 e6 2. c4 b6 3. e4 Bb7 4. Bd3 Bb4+ 5. Kf1 h5 6. Nf3 Be7 7. Nc3 d6 8. Be3 Nd7 9. Qd2 Bf6 10. d5 e5 11. Rb1 Ne7 12. g3 c5 13. Nb5 Nc8 14. Kg2 a6 15. Nc3 h4 16. h3 Ne7 17. a3 Bc8 18. b4 Ng6 19. Na4 Kf8 20. Be2 Qc7 21. Rb2 Bd8 22. Bd3 a5 23. bxc5 bxc5 24. Nc3 Nf6 25. Nb5 Qd7 26. Ng1 a4 27. Rb1 Nh5 28. Qc2 Qe7 29. Ne2 Qf6 30. Qd2 Qe7 31. Rbf1 Qd7 32. Ng1 Nf6 33. Qd1 Nh7 34. Nf3 Kg8 35. Bc2 Nf6 36. Ng5 Nh7 37. Nxh7 Rxh7 38. g4 Qe7 39. Bxa4 Qf6 40. Bc2 Bd7 41. a4 Ba5 42. Qf3 Qe7 43. Ra1 Nf8 44. Kh2 g5 45. Qd1 Ng6 46. Rg1 Rh8 47. Qc1 f6 48. Rb1 Kf7 49. Bd1 Nf4 50. Qc2 Rhc8 51. Bf3 Be8 52. Bxf4 gxf4 53. g5 fxg5 54. Bh5+ Kf6 55. Bxe8 Rxe8 56. Qe2 Rg8 57. Qg4 Rg6 58. Rg2 f3 59. Qxf3+ Kg7 60. Rbg1 Bd2 61. Qd1 Bf4+ 62. Kh1 Kh6 63. Rg4 Qd8 64. Qc2 Qa5 65. Ra1 Rf6 66. Rgg1 Raf8 67. Ra2 Ra8 68. Qc3 Qd8 69. a5 Ra6 70. Rg4 Rf7 71. Qe1 Kh5 72. Ra3 Kh6 73. Ra1 Qf8 74. Rg2 Qc8 75. Ra3 Rg7 76. Qd1 Qd8 77. Qe1 Rg6 78. Rg1 Qd7 79. Qf1 Qd8 80. Qe1 Qd7 81. Rg4 Qd8 82. Ra2 Rg7 83. Ra3 1/2-1/2

[Event "FRM-chT"]
[Site "Struga"]
[Date "2018.08.15"]
[Round "5.4"]
[White "Gjorgjieski, Dejan"]
[Black "Zlatkov, Anton"]
[Result "1-0"]
[WhiteElo "2133"]
[BlackElo "1788"]
[PlyCount "79"]
[EventDate "2018.08.11"]
[EventType "team-tourn"]
[EventRounds "7"]
[EventCountry "MKD"]
[SourceTitle "CBM 186 Extra"]
[Source "ChessBase"]
[SourceDate "2018.08.24"]
[SourceVersion "1"]
[SourceVersionDate "2018.08.24"]
[SourceQuality "1"]
[WhiteTeam "Prilep"]
[BlackTeam "Skopje MSK Centar"]
[WhiteTeamCountry "MKD"]
[BlackTeamCountry "MKD"]

1. d4 d5 2. Nf3 Nf6 3. c4 e6 4. Nc3 b6 5. Bg5 Be7 6. g3 Bb7 7. Bg2 0-0 8. cxd5 exd5 9. 0-0 Nbd7 10. Rc1 Ne4 11. Bf4 Bd6 12. Bxd6 cxd6 13. Nd2 Re8 14. Ndxe4 dxe4 15. Nb5 Nf6 16. Nc7 Nd5 17. Nxe8 Qxe8 18. a3 f5 19. Qb3 Kh8 20. e3 g5 21. f3 Qg6 22. fxe4 fxe4 23. Rf2 Re8 24. Rcf1 Kg7 25. g4 Re7 26. Rf5 Nc7 27. d5 Ne8 28. Qc3+ Kh6 29. Rf6 Nxf6 30. Rxf6 Bxd5 31. Rxg6+ Kxg6 32. Qd4 Re5 33. Bxe4+ Rxe4 34. Qxd5 Rxg4+ 35. Kf2 Rh4 36. Kg3 Kh5 37. h3 a5 38. b3 a4 39. bxa4 Rxa4 40. Qd1+ 1-0

[Event "Skopje U2200 op"]
[Site "Skopje"]
[Date "2017.12.07"]
[Round "1"]
[White "Risteski, Emil"]
[Black "Gjorgjieski, Dejan"]
[Result "1/2-1/2"]
[WhiteElo "1924"]
[BlackElo "2146"]
[PlyCount "40"]
[EventDate "2017.12.07"]
[EventType "swiss"]
[EventRounds "7"]
[EventCountry "MKD"]
[SourceTitle "CBM 182 Extra"]
[Source "ChessBase"]
[SourceDate "2018.02.23"]
[SourceVersion "1"]
[SourceVersionDate "2018.02.23"]
[SourceQuality "1"]

1. e4 e6 2. d4 c5 3. Nf3 cxd4 4. Nxd4 a6 5. c4 Qc7 6. Nc3 Nc6 7. Be3 Nf6 8. Be2 Bb4 9. Qc2 0-0 10. 0-0 Bxc3 11. bxc3 Ne5 12. Bf4 d6 13. Rfd1 b6 14. Rab1 Rd8 15. f3 Bb7 16. Bg5 Nfd7 17. Qb3 Rab8 18. Nc2 Bc6 19. Nb4 Nc5 20. Qa3 a5 1/2-1/2

[Event "FRM-chT 16th"]
[Site "Ohrid"]
[Date "2017.07.27"]
[Round "4.1"]
[White "Podlesnik, Bogdan"]
[Black "Gjorgjieski, Dejan"]
[Result "1/2-1/2"]
[WhiteElo "2374"]
[BlackElo "2142"]
[PlyCount "153"]
[EventDate "2017.07.24"]
[EventType "team-tourn"]
[EventRounds "5"]
[EventCountry "MKD"]
[SourceTitle "CBM 179 Extra"]
[Source "ChessBase"]
[SourceDate "2017.08.23"]
[SourceVersion "1"]
[SourceVersionDate "2017.08.23"]
[SourceQuality "1"]
[WhiteTeam "Skopje Gambit Asseko"]
[BlackTeam "Prilep"]
[WhiteTeamCountry "MKD"]
[BlackTeamCountry "MKD"]

1. e4 Nc6 2. Nc3 Nf6 3. Nf3 d5 4. e5 d4 5. exf6 dxc3 6. bxc3 exf6 7. d4 Bd6 8. Be2 0-0 9. 0-0 Na5 10. Nd2 b6 11. Bd3 Re8 12. Ne4 Be6 13. Nxd6 cxd6 14. d5 Bxd5 15. Bxh7+ Kxh7 16. Qxd5 Qc7 17. Rb1 Rac8 18. Rb4 Nc4 19. Bf4 Kg8 20. Qh5 Re4 21. Be3 Qe7 22. Qf3 Re8 23. Re1 a5 24. Rb5 Nxe3 25. Rxe3 Rxe3 26. fxe3 Qxe3+ 27. Qxe3 Rxe3 28. Rxb6 Rxc3 29. Ra6 Rc5 30. c4 Kf8 31. Ra7 f5 32. Kf2 g6 33. Ke3 Rxc4 34. Rxa5 Rc2 35. Kf3 Ke7 36. a4 Ke6 37. Ra8 Rc3+ 38. Kf2 Ke5 39. a5 Rc2+ 40. Kf3 Rc3+ 41. Kf2 Ra3 42. a6 g5 43. a7 Kd5 44. Ke2 f4 45. h3 Kd4 46. Rd8 Rxa7 47. Rxd6+ Ke4 48. Rd2 f5 49. Kf2 g4 50. Re2+ Kd3 51. Rb2 Rc7 52. Rb3+ Rc3 53. Rb1 Rc2+ 54. Kf1 g3 55. Rd1+ Ke3 56. Re1+ Kd4 57. Kg1 Rd2 58. Rf1 Ke5 59. Rf3 Ke4 60. Rf1 Rd3 61. Re1+ Re3 62. Ra1 f3 63. Ra4+ Ke5 64. gxf3 Rxf3 65. Kg2 Rb3 66. h4 f4 67. Ra5+ Ke4 68. Ra4+ Ke3 69. Ra2 Rb1 70. h5 Rb5 71. h6 Rh5 72. Ra3+ Ke2 73. Ra2+ Kd1 74. Ra1+ Kc2 75. Rf1 Rh2+ 76. Kg1 Kd2 77. Rxf4 1/2-1/2

[Event "FRM-chT 24th"]
[Site "Struga"]
[Date "2015.07.22"]
[Round "3"]
[White "Pancevski, Filip"]
[Black "Gjorgjieski, Dejan"]
[Result "1-0"]
[WhiteElo "2499"]
[BlackElo "2154"]
[PlyCount "83"]
[EventDate "2015.07.20"]
[EventType "team-tourn"]
[EventRounds "7"]
[EventCountry "MKD"]
[SourceTitle "CBM 167 Extra"]
[Source "ChessBase"]
[SourceDate "2015.09.14"]
[SourceVersion "1"]
[SourceVersionDate "2015.09.14"]
[SourceQuality "1"]
[WhiteTeam "Skopje Alkaloid"]
[BlackTeam "Prilep"]
[WhiteTeamCountry "MKD"]
[BlackTeamCountry "MKD"]

1. e4 c6 2. d4 d5 3. e5 Bf5 4. Nf3 e6 5. Be2 a6 6. 0-0 Nd7 7. Nbd2 Rc8 8. Nb3 h6 9. Bd2 Bh7 10. a4 Ne7 11. Ba5 b6 12. Bd2 a5 13. Rc1 Nf5 14. c4 Be7 15. c5 Ra8 16. Qe1 bxc5 17. Nxa5 Qc7 18. dxc5 0-0 19. b4 Rxa5 20. bxa5 Nxe5 21. Nxe5 Qxe5 22. Bd3 Qd4 23. Qe2 Qxa4 24. Ra1 Qh4 25. Rfc1 Bf6 26. Bc3 Bxc3 27. Rxc3 Qf6 28. Rcc1 Nd4 29. Bxh7+ Kxh7 30. Qd3+ g6 31. a6 Ra8 32. Rab1 e5 33. Rb6 e4 34. Qd1 Qg5 35. Ra1 Ne6 36. a7 Qe7 37. Qa4 e3 38. fxe3 Qxc5 39. Rb8 Qxe3+ 40. Kh1 Nc5 41. Qa2 Nd3 42. Rxa8 1-0

[Event "FRM-chT 22nd"]
[Site "Struga"]
[Date "2013.08.04"]
[Round "7.3"]
[White "Gjorgjieski, Dejan"]
[Black "Gecovski, Goce"]
[Result "0-1"]
[WhiteElo "2201"]
[BlackElo "2075"]
[PlyCount "110"]
[EventDate "2013.07.29"]
[EventType "team-tourn"]
[EventRounds "7"]
[EventCountry "MKD"]
[SourceTitle "CBM 155 Extra"]
[Source "ChessBase"]
[SourceDate "2013.08.26"]
[SourceVersion "1"]
[SourceVersionDate "2013.08.26"]
[SourceQuality "1"]
[WhiteTeam "Prilep"]
[BlackTeam "Bitola Stevo Patako"]
[WhiteTeamCountry "MKD"]
[BlackTeamCountry "MKD"]

1. d4 Nf6 2. Nf3 g6 3. c4 c5 4. d5 b5 5. cxb5 a6 6. bxa6 Bxa6 7. Nc3 d6 8. e4 Bxf1 9. Kxf1 Bg7 10. g3 0-0 11. Kg2 Nbd7 12. h3 Qa5 13. Re1 Nb6 14. Qe2 Nfd7 15. Bf4 Ra7 16. h4 h5 17. Rad1 Qb4 18. a3 Qb3 19. Rd3 Nc4 20. Nd2 Nxd2 21. Rxd2 Rb8 22. Nd1 Ra4 23. Bg5 Kf8 24. g4 hxg4 25. Qxg4 Ne5 26. Qe2 f5 27. Nc3 Rd4 28. f4 Rxd2 29. Qxd2 Qxb2 30. Qxb2 Rxb2+ 31. Re2 Nc4 32. Rxb2 Nxb2 33. Ne2 fxe4 34. Ng3 c4 35. f5 gxf5 36. Nxf5 Bf6 37. Bxf6 exf6 38. Kf2 c3 39. Ne3 Nc4 40. Nc2 f5 41. Kg3 Kf7 42. h5 Nb6 43. Kf4 Kf6 44. Ne3 c2 45. Nxc2 Nxd5+ 46. Kg3 Kg5 47. h6 Kxh6 48. Nd4 Kg5 49. Nb5 f4+ 50. Kg2 f3+ 51. Kg3 Ne7 52. a4 Nf5+ 53. Kf2 Kf4 54. Nc3 e3+ 55. Ke1 f2+ 0-1

[Event "FRM-chT 22nd"]
[Site "Struga"]
[Date "2013.08.03"]
[Round "6.3"]
[White "Ilic, Mihajlo"]
[Black "Gjorgjieski, Dejan"]
[Result "0-1"]
[WhiteElo "2202"]
[BlackElo "2201"]
[PlyCount "95"]
[EventDate "2013.07.29"]
[EventType "team-tourn"]
[EventRounds "7"]
[EventCountry "MKD"]
[SourceTitle "CBM 155 Extra"]
[Source "ChessBase"]
[SourceDate "2013.08.26"]
[SourceVersion "1"]
[SourceVersionDate "2013.08.26"]
[SourceQuality "1"]
[WhiteTeam "Skopje Karposh"]
[BlackTeam "Prilep"]
[WhiteTeamCountry "MKD"]
[BlackTeamCountry "MKD"]

1. e4 g6 2. d4 Bg7 3. Nc3 c6 4. f4 d6 5. Nf3 b5 6. Be3 a6 7. Bd3 Nd7 8. e5 Nb6 9. 0-0 Nh6 10. h3 0-0 11. Qe2 f5 12. Bf2 Qc7 13. Nd1 Nf7 14. Ne3 Bh6 15. g3 dxe5 16. dxe5 e6 17. c4 b4 18. c5 Nd5 19. Nxd5 cxd5 20. h4 Nd8 21. Nd4 Nc6 22. Nxc6 Qxc6 23. Bd4 Rf7 24. Rac1 Bf8 25. Kg2 Rg7 26. g4 fxg4 27. Qxg4 Qa4 28. Qd1 Qc6 29. Kh3 a5 30. Rg1 Ba6 31. Rg2 Raa7 32. Bb1 Raf7 33. Qd2 a4 34. b3 Bb5 35. Rcg1 axb3 36. axb3 Qa6 37. Rg4 Be2 38. R4g2 Bf1 39. Kh2 Bxg2 40. Kxg2 Qa5 41. Rc1 Rc7 42. Qe3 Rc8 43. Kh3 Qd8 44. Bd3 Be7 45. c6 Qf8 46. c7 Rf7 47. Kg3 Qh6 48. Ba6 0-1

[Event "FRM-chT 22nd"]
[Site "Struga"]
[Date "2013.07.31"]
[Round "3.3"]
[White "Colovic, Aleksandar"]
[Black "Gjorgjieski, Dejan"]
[Result "1-0"]
[WhiteElo "2502"]
[BlackElo "2201"]
[PlyCount "51"]
[EventDate "2013.07.29"]
[EventType "team-tourn"]
[EventRounds "7"]
[EventCountry "MKD"]
[SourceTitle "CBM 155 Extra"]
[Source "ChessBase"]
[SourceDate "2013.08.26"]
[SourceVersion "1"]
[SourceVersionDate "2013.08.26"]
[SourceQuality "1"]
[WhiteTeam "Skopje Alkaloid"]
[BlackTeam "Prilep"]
[WhiteTeamCountry "MKD"]
[BlackTeamCountry "MKD"]

1. d4 Nf6 2. c4 c5 3. d5 d6 4. Nc3 g6 5. e4 Bg7 6. Bd3 0-0 7. h3 Na6 8. Nf3 Bd7 9. 0-0 Nc7 10. Bf4 a6 11. a4 b6 12. Re1 Rb8 13. e5 Nfe8 14. b3 b5 15. a5 bxc4 16. bxc4 Rb4 17. Qd2 Qc8 18. Rab1 Rxb1 19. Rxb1 dxe5 20. Bxe5 Bxe5 21. Nxe5 e6 22. Rb6 exd5 23. cxd5 Bb5 24. d6 Nxd6 25. Rxd6 c4 26. Bxc4 1-0

[Event "FRM-ch op 22nd"]
[Site "Struga"]
[Date "2013.07.15"]
[Round "3"]
[White "Konstantinov, Aleksandar1111"]
[Black "Gjorgjieski, Dejan"]
[Result "1/2-1/2"]
[WhiteElo "1818"]
[BlackElo "2201"]
[PlyCount "158"]
[EventDate "2013.07.13"]
[EventType "swiss"]
[EventRounds "9"]
[EventCountry "MKD"]
[SourceTitle "CBM 155 Extra"]
[Source "ChessBase"]
[SourceDate "2013.08.26"]
[SourceVersion "1"]
[SourceVersionDate "2013.08.26"]
[SourceQuality "1"]

1. d4 g6 2. c4 Bg7 3. Nc3 Nf6 4. e4 d6 5. Nf3 0-0 6. Be2 Na6 7. Bg5 c5 8. d5 h6 9. Bh4 Nc7 10. 0-0 g5 11. Bg3 Nh5 12. Nd2 Nf4 13. Bxf4 gxf4 14. Nf3 e5 15. dxe6 fxe6 16. Qd2 Qe7 17. Rad1 Ne8 18. Nb5 Be5 19. Nxe5 dxe5 20. Nd6 Bd7 21. Nxe8 Bxe8 22. Qd6 Qxd6 23. Rxd6 Rf6 24. Bg4 Kf7 25. Rfd1 Ke7 26. a3 a5 27. Kf1 Bc6 28. f3 Rg8 29. Kf2 Rfg6 30. Bh3 h5 31. R1d2 Rf6 32. Rd1 Ra8 33. Ke1 Rg6 34. R1d2 Rag8 35. Kf1 Rc8 36. Ke1 Rf6 37. Kd1 Rg8 38. b3 Ra8 39. a4 Rg8 40. Ke1 Rfg6 41. Kf1 Rf6 42. Ke1 Ra8 43. Kd1 Rc8 44. Ke1 Re8 45. Kd1 Bd5 46. exd5 Kxd6 47. dxe6+ Kc6 48. Rd5 Rfxe6 49. Bxe6 Rxe6 50. Ke2 e4 51. fxe4 Rxe4+ 52. Kf2 Re3 53. Rxh5 Rxb3 54. Rf5 Rb4 55. Rxf4 Rxa4 56. h4 Kd6 57. h5 Ke5 58. Rh4 Ra2+ 59. Kg3 Rd2 60. h6 Rd3+ 61. Kh2 Rd8 62. Rh5+ Ke4 63. Rxc5 Rh8 64. Rxa5 Rxh6+ 65. Kg3 Rg6+ 66. Kh3 Kf4 67. Rh5 Rg3+ 68. Kh2 Rc3 69. Rh7 b6 70. Rh6 Kg4 71. Rg6+ Kh4 72. Rc6 Rc1 73. Rxb6 Rxc4 74. Rh6+ Kg5 75. Rh8 Rh4+ 76. Rxh4 Kxh4 77. g3+ Kg4 78. Kg2 Kg5 79. Kh3 Kh5 1/2-1/2

[Event "FRM-chT 21st"]
[Site "Struga"]
[Date "2012.07.20"]
[Round "5.4"]
[White "Gjorgjieski, Dejan"]
[Black "Jacimovic, Dragoljub"]
[Result "0-1"]
[WhiteElo "2220"]
[BlackElo "2431"]
[PlyCount "114"]
[EventDate "2012.07.16"]
[EventType "team-tourn"]
[EventRounds "7"]
[EventCountry "MKD"]
[SourceTitle "CBM 149 Extra"]
[Source "ChessBase"]
[SourceDate "2012.08.24"]
[SourceVersion "1"]
[SourceVersionDate "2012.08.24"]
[SourceQuality "1"]
[WhiteTeam "Prilep"]
[BlackTeam "Skopje Alkaloid"]
[WhiteTeamCountry "MKD"]
[BlackTeamCountry "MKD"]

1. d4 Nf6 2. c4 g6 3. g3 Bg7 4. Bg2 0-0 5. Nc3 d6 6. Nf3 c6 7. 0-0 Qa5 8. a3 Qa6 9. b3 b5 10. cxb5 cxb5 11. b4 Bb7 12. Qd3 Nd5 13. Bg5 Nxc3 14. Qxc3 Nd7 15. Qc7 Nf6 16. Rfc1 Rfe8 17. Bxf6 Bxf6 18. e3 Rac8 19. Qa5 Qxa5 20. bxa5 e5 21. dxe5 dxe5 22. Nd2 Bxg2 23. Kxg2 Be7 24. a6 Red8 25. Rxc8 Rxc8 26. Rb1 Bxa3 27. Rxb5 Rc6 28. Rxe5 Rxa6 29. Nc4 Bf8 30. Rb5 Rc6 31. Ne5 Rc5 32. Rxc5 Bxc5 33. Kf3 f6 34. Nd7 Be7 35. Ke4 Kf7 36. Kd5 a5 37. Nb6 Bb4 38. e4 Be1 39. f4 Bf2 40. Nc4 Bg1 41. e5 Bxh2 42. e6+ Ke7 43. Nxa5 Bxg3 44. Nc6+ Ke8 45. Ke4 Bh2 46. Nb4 Bxf4 47. Kxf4 Ke7 48. Nc6+ Kxe6 49. Nd8+ Kd5 50. Nf7 h5 51. Nh8 g5+ 52. Kf5 h4 53. Kg4 Ke6 54. Ng6 Kf7 55. Nxh4 gxh4 56. Kxh4 Ke6 57. Kg4 Ke5 0-1

[Event "FRM-chT 20th"]
[Site "Struga"]
[Date "2011.08.14"]
[Round "7"]
[White "Petrov, Saravco"]
[Black "Gjorgjieski, Dejan"]
[Result "1-0"]
[WhiteElo "2111"]
[BlackElo "2237"]
[PlyCount "111"]
[EventDate "2011.08.08"]
[EventType "team-tourn"]
[EventRounds "7"]
[EventCountry "MKD"]
[SourceTitle "CBM 143 Extra"]
[Source "ChessBase"]
[SourceDate "2011.08.29"]
[SourceVersion "1"]
[SourceVersionDate "2011.08.29"]
[SourceQuality "1"]
[WhiteTeam "Skopje Karposh"]
[BlackTeam "Prilep"]
[WhiteTeamCountry "MKD"]
[BlackTeamCountry "MKD"]

1. d4 Nf6 2. c4 e6 3. a3 b6 4. Nc3 Bb7 5. Bg5 Be7 6. Nf3 h6 7. Bxf6 Bxf6 8. e4 d6 9. Bd3 Nd7 10. 0-0 0-0 11. Re1 g6 12. Qd2 Bg7 13. Rad1 Re8 14. h3 a6 15. Bf1 Qe7 16. Nh2 Rad8 17. f4 c5 18. d5 Bd4+ 19. Kh1 Qf6 20. Nf3 Bxc3 21. bxc3 exd5 22. cxd5 b5 23. a4 bxa4 24. Ra1 Re7 25. Rxa4 Rde8 26. Bd3 g5 27. Rb1 Bc8 28. fxg5 hxg5 29. Qxg5+ Qxg5 30. Nxg5 c4 31. Bxc4 Nc5 32. Ra2 f6 33. Ne6 Nxe4 34. Re1 Nxc3 35. Ra3 Nxd5 36. Rg3+ Kh8 37. Bxd5 Bxe6 38. Rge3 Bxd5 39. Rxe7 Rxe7 40. Rxe7 Bc4 41. Kg1 Kg8 42. Kf2 Kf8 43. Ra7 d5 44. Ke3 Bf1 45. Kf2 Bb5 46. g4 d4 47. h4 d3 48. Ke3 Kg8 49. h5 Kh8 50. Rf7 a5 51. Rxf6 a4 52. Rb6 Bc4 53. Rb4 Bb3 54. Kxd3 Bd1 55. Kd2 Bb3 56. Rxb3 1-0

[Event "FRM-chT 20th"]
[Site "Struga"]
[Date "2011.08.11"]
[Round "4"]
[White "Jacimovic, Dragoljub"]
[Black "Gjorgjieski, Dejan"]
[Result "1-0"]
[WhiteElo "2443"]
[BlackElo "2237"]
[PlyCount "75"]
[EventDate "2011.08.08"]
[EventType "team-tourn"]
[EventRounds "7"]
[EventCountry "MKD"]
[SourceTitle "CBM 143 Extra"]
[Source "ChessBase"]
[SourceDate "2011.08.29"]
[SourceVersion "1"]
[SourceVersionDate "2011.08.29"]
[SourceQuality "1"]
[WhiteTeam "Skopje Alkaloid"]
[BlackTeam "Prilep"]
[WhiteTeamCountry "MKD"]
[BlackTeamCountry "MKD"]

1. d4 Nf6 2. c4 e6 3. Nc3 Bb4 4. f3 d5 5. a3 Bxc3+ 6. bxc3 h6 7. e3 0-0 8. cxd5 exd5 9. Bd3 c5 10. Ne2 Nc6 11. 0-0 Re8 12. Re1 b6 13. Ng3 Be6 14. Bb2 Rc8 15. Bb5 Bd7 16. e4 cxd4 17. cxd4 Na5 18. Ba6 Rc7 19. e5 Nh7 20. Bd3 Nc4 21. Bc1 Qh4 22. Nf5 Bxf5 23. Bxf5 Nf8 24. g3 Qh5 25. Bg4 Qg6 26. f4 f5 27. Bh5 Qc6 28. Bxe8 Qxe8 29. Qd3 Nd6 30. Be3 Ne4 31. Rac1 Rd7 32. Qb5 Ne6 33. Rc2 Qf7 34. Rc8+ Kh7 35. Rec1 g5 36. Qc6 gxf4 37. Bxf4 Nxf4 38. Rh8+ 1-0

[Event "FRM-chT 20th"]
[Site "Struga"]
[Date "2011.08.10"]
[Round "3"]
[White "Gjorgjieski, Dejan"]
[Black "Petrov, Georgi"]
[Result "1/2-1/2"]
[WhiteElo "2237"]
[BlackElo "2266"]
[PlyCount "20"]
[EventDate "2011.08.08"]
[EventType "team-tourn"]
[EventRounds "7"]
[EventCountry "MKD"]
[SourceTitle "CBM 143 Extra"]
[Source "ChessBase"]
[SourceDate "2011.08.29"]
[SourceVersion "1"]
[SourceVersionDate "2011.08.29"]
[SourceQuality "1"]
[WhiteTeam "Prilep"]
[BlackTeam "Kumanovo"]
[WhiteTeamCountry "MKD"]
[BlackTeamCountry "MKD"]

1. c4 c5 2. g3 Nc6 3. Bg2 g6 4. Nc3 Bg7 5. d3 e5 6. h4 h5 7. Bd2 Nge7 8. Nh3 d6 9. a3 0-0 10. Rb1 b6 1/2-1/2

[Event "FRM-chT 20th"]
[Site "Struga"]
[Date "2011.08.08"]
[Round "1"]
[White "Gjorgjieski, Dejan"]
[Black "Micov, Vladimir"]
[Result "0-1"]
[WhiteElo "2237"]
[BlackElo "2251"]
[PlyCount "88"]
[EventDate "2011.08.08"]
[EventType "team-tourn"]
[EventRounds "7"]
[EventCountry "MKD"]
[SourceTitle "CBM 143 Extra"]
[Source "ChessBase"]
[SourceDate "2011.08.29"]
[SourceVersion "1"]
[SourceVersionDate "2011.08.29"]
[SourceQuality "1"]
[WhiteTeam "Prilep"]
[BlackTeam "Kochani"]
[WhiteTeamCountry "MKD"]
[BlackTeamCountry "MKD"]

1. d4 d5 2. c4 e6 3. Nf3 Nf6 4. Nc3 c6 5. Bg5 Nbd7 6. e3 Be7 7. Bd3 0-0 8. 0-0 b6 9. Qc2 dxc4 10. Bxc4 Bb7 11. e4 Ne8 12. Bxe7 Qxe7 13. e5 c5 14. d5 Nxe5 15. Nxe5 exd5 16. Nxd5 Qxe5 17. Rae1 Qd6 18. Ne7+ Kh8 19. Re3 Rd8 20. Rh3 Nf6 21. Nf5 Qd2 22. Qb3 Be4 23. Ne3 Bd3 24. Bxd3 Qxd3 25. Qa4 Qd7 26. Qh4 Qd4 27. Qg5 h6 28. Nf5 Nh7 29. Qh5 Qxb2 30. Qg4 Qf6 31. Rf3 Qg6 32. Qf4 Ng5 33. Rg3 Qf6 34. h4 Ne6 35. Qg4 Nd4 36. Nxg7 Rg8 37. Nh5 Rxg4 38. Nxf6 Ne2+ 39. Kh2 Nxg3 40. fxg3 Rgd4 41. Nh5 Kg8 42. Kh3 c4 43. Rf6 R8d5 44. Rxh6 Rd6 0-1

[Event "Skopje op"]
[Site "Skopje"]
[Date "2011.03.24"]
[Round "6"]
[White "Hristovski, Srdzan"]
[Black "Gjorgjieski, Dejan"]
[Result "1-0"]
[WhiteElo "2140"]
[BlackElo "2261"]
[PlyCount "113"]
[EventDate "2011.03.19"]
[EventType "swiss"]
[EventRounds "9"]
[EventCountry "MKD"]
[SourceTitle "CBM 141 Extra"]
[Source "ChessBase"]
[SourceDate "2011.05.03"]
[SourceVersion "1"]
[SourceVersionDate "2011.05.03"]
[SourceQuality "1"]

1. d4 d6 2. e4 g6 3. Nc3 Bg7 4. Be3 c6 5. h3 Nd7 6. g4 a6 7. Qd2 b5 8. Bg2 Qc7 9. Nge2 Nb6 10. b3 Bb7 11. Ng3 h6 12. Rc1 Nf6 13. Nce2 a5 14. c4 bxc4 15. bxc4 Ba6 16. c5 Nc4 17. cxd6 exd6 18. Qc2 0-0 19. Bf4 Rfb8 20. e5 dxe5 21. dxe5 Nxe5 22. 0-0 Nfd7 23. Rfd1 g5 24. Bxe5 Nxe5 25. Nf5 Rb2 26. Qxb2 Nf3+ 27. Bxf3 Bxb2 28. Rxc6 Qa7 29. Nxh6+ Kf8 30. Rcd6 Bxe2 31. Bxe2 Qc5 32. Rd7 Ra7 33. Rd8+ Kg7 34. Nf5+ Kf6 35. R8d6+ Ke5 36. Ne3 Bd4 37. R1xd4 Qxd4 38. Rxd4 Kxd4 39. a4 Rc7 40. Kg2 f6 41. Kg3 Ke4 42. Bf3+ Ke5 43. h4 gxh4+ 44. Kxh4 Rc5 45. Kg3 Rc3 46. Bd1 Rc1 47. Kf3 Rc5 48. Bc2 Rc3 49. Ke2 Rc5 50. Bd3 Kd4 51. Bb5 Rc7 52. Kf3 Rc3 53. Kf4 Rc5 54. Nc4 Kd5 55. Nxa5 Ke6 56. Nc4 Ke7 57. Ne3 1-0

[Event "FRM-chT 19th"]
[Site "Struga"]
[Date "2010.08.15"]
[Round "7"]
[White "Mitkov, Marjan"]
[Black "Gjorgjieski, Dejan"]
[Result "1-0"]
[WhiteElo "2398"]
[BlackElo "2276"]
[PlyCount "77"]
[EventDate "2010.08.09"]
[EventType "team"]
[EventRounds "7"]
[EventCountry "MKD"]
[SourceTitle "CBM 137 Extra"]
[Source "ChessBase"]
[SourceDate "2010.09.01"]
[SourceVersion "1"]
[SourceVersionDate "2010.09.01"]
[SourceQuality "1"]

1. d4 Nf6 2. Nf3 e6 3. c4 b6 4. g3 Bb7 5. Bg2 Bb4+ 6. Bd2 Qe7 7. 0-0 Bxd2 8. Qxd2 d6 9. Nc3 0-0 10. d5 e5 11. e4 a5 12. Ne1 Nbd7 13. Nd3 Nc5 14. Nxc5 bxc5 15. a4 Ng4 16. Nb5 Bc8 17. f3 Nh6 18. f4 exf4 19. gxf4 Ba6 20. Rae1 Bxb5 21. cxb5 Qh4 22. Qc3 Rae8 23. Qg3 Qxg3 24. hxg3 f6 25. Bh3 g6 26. Be6+ Kg7 27. e5 fxe5 28. fxe5 Rxf1+ 29. Rxf1 dxe5 30. g4 Re7 31. Rc1 Kf6 32. Rxc5 Kg5 33. Rc4 Nf7 34. Bxf7 Rxf7 35. b4 axb4 36. d6 cxd6 37. Rxb4 e4 38. Rxe4 d5 39. Rb4 1-0